| 000 | 00352nam a2200145Ia 4500 | ||
|---|---|---|---|
| 008 | 240624s9999 xx 000 0 und d | ||
| 041 | _aeng | ||
| 082 | _a658.15 GUP | ||
| 100 | _aGUPTA J B | ||
| 245 | _aSTRATEGIC FINANCIAL MANAGEMENT CA FINAL | ||
| 250 | _a(9th ed.) | ||
| 260 |
_c2016 _aNew Delhi _bTaxmann |
||
| 300 | _a868 : p. | ||
| 365 |
_cRS _b30 |
||
| 999 |
_c27938 _d27938 |
||